000 00685nam a2200229Ia 4500
003 OSt
005 20230317112737.0
008 210423s2014 xx 000 0 und d
020 _a978-1-25-900512-1
040 _cAL
041 _aeng
082 _a658
_223
_bKOOE
100 _aKOONTZ (Harold);WEIHRICH (Heinz)
_976085
245 _aEssentials of management: an international and leadership perspectives Ed 9
250 _a9
260 _aNew Delhi
_bMcGrawhill Education
_c2014
300 _axxxv,500
_bPB
365 _b499
_cINR
650 _aManagement
_976086
906 _a9 ; an ; Essentials ; international ; leadership ; management: ; perspectives
942 _2ddc
_cBK
999 _c168620
_d168620